00925nam a2200205 a 450000100100000000500170001000800410002704000250006808200150009311000630010824501040017126000680027530000200034350501520036370000310051570000330054604900090057995201140058899900170070200003045320200930062324.0110517s1996 dr 000 0 spa d aDO-SdBNPbspacBNPHU axxxbR426f1 aRepública DominicanabForeingn ley de inversiones95708810aForeingn investment law of the Dominican Republic /ctranslation ; Russin Vecchi & Heredia Bonetti. aSanto Domingo :bCentral Bank of the Dominican Republic,c1996. a26 p. ;c22 cm.0 aForeing investment law of the Dominican Republic /tRegulation for the aplication of law No. 16-95 on foreign investment in the Dominican Republic.1 aVecchi, Russinetr.9145621 aBonetti, Herediaetr.914566 aBNPD 00107-18PDaPDbPDcOId2011-05-17iLF1l0oxxx R426fp30453-10r2020-06-25w2020-06-25yLFPDZNo se presta c29945d29945